Devine le joueur de football selon ses clubs - Statistiques

Statistiques générales
  • Ce quiz a été pris 2 735 fois
    2 449 depuis la dernière actualisation
  • Le résultat moyen est 8 sur 10
Statistiques - réponses
1er club 2ème club 3ème club 4ème club 5ème club 6ème club 7ème club Réponse % Correct
Santos FC FC Barcelone PSG Al-Hilal Santos FC Neymar
100%
Sporting CP Manchester United Real Madrid Juventus Turin Manchester United Al-Nasser Cristiano Ronaldo
97%
Newell's Old Boys FC Barcelone PSG Inter Miami Lionel Messi
96%
Rennes Dortmund FC Barcelone PSG Ousmane Dembele
89%
Séville Atlético Séville FC Real Madrid PSG Séville FC Monterrey Sergio Ramos
85%
KRC Genk Chelsea FC Wender Brême Wolsburg Manchester City Kévin De Bruyne
76%
Danubio FC Palerme FC Naples PSG Manchester Uniter FC Valence Boca Juniors Edison Cavani
75%
Dinamo Zagreb Tottenham Real Madrid Luka Modric
75%
Maritimo FC Porto Real Madrid Besiktas FC Porto Pepe
68%
Ribeirao Rio Ave FC Benfica Manchester City Ederson
41%
Aucun quiz correspondant
Distribution des résultats
% des personnes avec chaque résultat
Percentile par nombre de réponses
Votre historique - résultats
Vous n’avez pas pris ce quiz depuis la dernière actualisation